000
00265nam a2200109Ia 4500
008
220216s9999 xx 000 0 und d
100
_a
Pakianathan S W
245
0
_a
Search for new stimulants
260
_b
Planters Bulletin
_c
1970
300
_a
351-365
942
_c
JS
999
_c
68478
_d
68478